000 00670nam a2200241#a 4500
001 01226
003 HDC
007 ta
008 230623s2010 xx 000 0 eng d
020 _a9789675842009 (pbk.).
040 _aHDC
050 _aEPU HC 445.5
_b .T46 2010
245 0 _aTenth Malaysia Plan 2011-2015
264 _aPutrajaya :
_bUnit Perancang Ekonomi, Jabatan Perdana Menteri,
_c2010
300 _axxiii,448p. :
_b ill. ;
_c 27cm.
650 _aMalaysia
_xEconomic conditions
650 _aMalaysia
_xEconomic policy
710 _aMalaysia.
_b Unit Perancang Ekonomi
942 _2lcc
942 _cBK
942 _kEPU HC 445.5
942 _m .T46 2010
999 _c22792
_d22792